| 000 -LEADER |
| fixed length control field |
01487nam a22001577a 4500 |
| 008 - FIXED-LENGTH DATA ELEMENTS--GENERAL INFORMATION |
| fixed length control field |
230613b ||||| |||| 00| 0 eng d |
| 100 ## - MAIN ENTRY--PERSONAL NAME |
| Personal name |
Jones, David Raymond et al |
| 245 ## - TITLE STATEMENT |
| Title |
Hiding in plain sight: Exploring the complex pathways between tactical concealment and relational wellbeing |
| 260 ## - PUBLICATION, DISTRIBUTION, ETC. (IMPRINT) |
| Place of publication, distribution, etc |
Organization |
| 300 ## - PHYSICAL DESCRIPTION |
| Extent |
30(3), May, 2023: p. 473-489 |
| 520 ## - SUMMARY, ETC. |
| Summary, etc |
We argue that the current environment in higher education is one of the primary drivers for the widespread adoption of concealment tactics with the aim of enhancing wellbeing. To explore the relationship between concealment and wellbeing, we draw upon Scott’s conceptualization of “hidden transcripts” and Keyes’s five dimensions of social wellbeing. Using a collaborative ethnographic approach, we examine a 2-year period of individual and collective inquiry by an eclectic multidisciplinary, international group of academics. Our empirical and theoretical contributions expose a complex and, at times, seemingly contradictory relationship between tactical concealments and relational wellbeing, with variously generative and destructive pathways between them. Our research offers a lens through which we can critically explore and extend our understanding of alternative pathways to wellbeing in organizational life.- Reproduced |
| 650 ## - SUBJECT ADDED ENTRY--TOPICAL TERM |
| Topical term or geographic name as entry element |
Concealment, Higher Education, Relational wellbeing, Tactics. |
| 9 (RLIN) |
38714 |
| 773 ## - HOST ITEM ENTRY |
| Main entry heading |
Organization |
| 906 ## - LOCAL DATA ELEMENT F, LDF (RLIN) |
| Subject DIP |
HIGHER EDUCATION |
| 942 ## - ADDED ENTRY ELEMENTS (KOHA) |
| Item type |
Articles |